US States - Statistics

General Stats
  • This quiz has been taken 14 times
  • The average score is 36 of 51
Answers on the Map
Answers color-coded by a green-red scale on the quiz's map according to % correct below.
 
Answer Stats
Answer Answer 2 Answer 3 % Correct
Alaska
86%
California
86%
Illinois
86%
Florida
79%
Georgia
79%
Hawaii
79%
Indiana
79%
Kansas
79%
Maine
79%
New Jersey
79%
New Mexico
79%
New York
79%
North Carolina
79%
South Carolina
79%
Virginia
79%
West Virginia
79%
Alabama
71%
Arizona
71%
Idaho
71%
Iowa
71%
Kentucky
71%
Louisiana
71%
Maryland
71%
Massachusetts
71%
Michigan
71%
Nebraska
71%
North Dakota
71%
Ohio
71%
Pennsylvania
71%
Rhode Island
71%
South Dakota
71%
Texas
71%
Utah
71%
Washington
71%
Washington, D.C. DC District of Columbia
71%
Arkansas
64%
Colorado
64%
Connecticut
64%
Delaware
64%
Mississippi
64%
Montana
64%
Nevada
64%
Oklahoma
64%
Oregon
64%
Tennessee
64%
Wyoming
64%
Minnesota
57%
Missouri
57%
New Hampshire
57%
Vermont
57%
Wisconsin
50%
No matching quizzes found
Score Distribution
Percent of People with Each Score
Percentile by Number Answered
Your Score History
You have not taken this quiz